| Tag |
First Indicator |
Second Indicator |
Subfields |
| LEADER |
00000pam a2200000 a 4500 |
| 001 |
in00000086635 |
| 005 |
20151008064620.0 |
| 008 |
810501s1981 cau b 00110 eng |
| 010 |
|
|
|a 81005622
|
| 020 |
|
|
|a 0803916027
|
| 020 |
|
|
|a 0803916035 (pbk.)
|
| 035 |
|
|
|a (OCoLC)07554458
|
| 035 |
|
|
|9 AAK4497AM
|
| 039 |
0 |
|
|a 2
|b 3
|c 3
|d 3
|e 3
|
| 040 |
|
|
|a DLC
|c DLC
|d TXA
|d UtOrBLW
|
| 049 |
|
|
|a TXAM
|c [1196463]
|
| 050 |
0 |
0 |
|a P96.I5
|b M36
|
| 082 |
0 |
|
|a 302.2/3
|2 19
|
| 100 |
1 |
|
|a McPhail, Thomas L.
|
| 245 |
1 |
0 |
|a Electronic colonialism :
|b the future of international broadcasting and communication /
|c Thomas L. McPhail ; foreword by Everett M. Rogers.
|
| 264 |
|
1 |
|a Beverly Hills :
|b Sage Publications,
|c [1981]
|
| 264 |
|
4 |
|c ©1981
|
| 300 |
|
|
|a 260 pages ;
|c 23 cm.
|
| 336 |
|
|
|a text
|b txt
|2 rdacontent
|
| 337 |
|
|
|a unmediated
|b n
|2 rdamedia
|
| 338 |
|
|
|a volume
|b nc
|2 rdacarrier
|
| 490 |
1 |
|
|a Sage library of social research ;
|v v. 126
|
| 504 |
|
|
|a Includes bibliographies and index.
|
| 650 |
|
0 |
|a Communication, International.
|
| 830 |
|
0 |
|a Sage library of social research ;
|v v. 126.
|
| 999 |
|
|
|a MARS
|
| 999 |
f |
f |
|s 269d700b-ee3a-3621-8467-d0ddd446aa13
|i f2e605dc-356a-3dd3-b881-e088e51e2659
|t 0
|
| 952 |
f |
f |
|p ric
|a Texas A&M University
|b Rellis Campus
|c Joint Library Facility
|s JLF
|d Remote Storage
|t 0
|e P96.I5 M36
|h Library of Congress classification
|i unmediated -- volume
|m A14806171945
|
| 998 |
f |
f |
|a P96.I5 M36
|t 0
|l Remote Storage
|